| 000 | 00722nam a2200217 a 4500 | ||
|---|---|---|---|
| 005 | 20220603152210.0 | ||
| 008 | 991125s1995 mx 000 0 spa u | ||
| 020 | _a9688425451 | ||
| 035 | _aUPN01000055411 | ||
| 049 | _aCG | ||
| 050 | 4 |
_aKGF3184 _bT34 |
|
| 245 | 0 | 3 |
_aLa tarea de gobernar : _bgobiernos locales y demandas ciudadanas / _ccoord. Alicia Ziccardi. |
| 260 |
_aMéxico : _bPorrúa : _bUNAM, Instituto de Investigaciones Sociales, _c1995. |
||
| 300 | _a402 p. | ||
| 440 | 4 | _aLas ciencias sociales | |
| 650 | 4 |
_aCiudadanía _zMéxico _99106 |
|
| 650 | 4 |
_aCIUDADES Y PUEBLOS - _zMEXICO - _xCRECIMIENTO _99059 |
|
| 650 | 4 |
_aGOBIERNO LOCAL - _zMEXICO _916914 |
|
| 700 | 1 |
_aZiccardi, Alicia, _ecoord. |
|
| 905 | _aLibro | ||
| 999 |
_c55411 _d55411 |
||